=LDR 00000nam 2200000 4500 =001 INLIS000000000034838 =005 20130612140730 =008 ***********************************ind** =035 ##$$0010-061300000034838 =041 ##$$a ind =082 ##$$a 372.2 =090 ##$$a 372.2, Bam k =100 ##$$a Bambang =245 ##$$a Kamus kata bergambar/oleh Bambang; Editor, Tim Kalbu =260 ##$$a 2007 $b Bogor =300 ##$$a 50 hlm., Ilus., 25 cm =650 ##$$a Taman Kanak-kanak =700 ##$$a Tim Kalbu =850 ##$$a NBPNMAT